000 01275nas a2200361 4500
001 BR2011007614
003 BR-BrBNA
005 20231205115803.0
007 ta
008 230509b bl.|||p| |||| 00| 00por d
040 _aBR-BrBNA
_bpor
_cBiblioteca Nacional de Agricultura
041 _a(Pt)
072 _aL70; L73
100 1 _aSouza, C.P. de
100 1 _aVerocai, G.G.
100 1 _aCorreia, R.T.
100 1 _aTavares, P.V.
100 1 _aCoumendouros, K.
100 1 _aScott, F.B.
100 1 _aGrisi, L.
245 1 _aEficácia do febantel, pamoato de pirantel e praziquantel no tratamento de Giardia spp. em cães naturalmente infectados
246 1 _aEfficacy of febantel, pamoato pirantel and praziquantel on the treatment of Giardia spp. in dogs naturally infected
650 _aCÃO
650 _aPARASITO DE ANIMAL
650 _aDOENÇA ANIMAL
650 _aGIARDIASE
650 _aPROTOZOÁRIO
650 _aTRATAMENTO
773 0 _tRevista Brasileira de Medicina Veterinária (Brazil)
_xISSN 0100-2430
_g(Dec 2010), v. 32(suppl. 1) p. 21-24
_wBR2011007614
856 4 _uhttp://www.rbmv.com.br/pdf_artigos/06-10-2011_13-44Suple005.pdf
_yRecurso eletrônico (PDF)
909 _a202311
_bLúcia
_c55
_dLúcia Elande
942 _2AGRIS
_n0
_cANA
999 _c215688
_d215688